| 000 | 01156nam a2200313 i 4500 | ||
|---|---|---|---|
| 001 | bg | ||
| 003 | KOSZ 005 | ||
| 005 | 20230224140812.0 | ||
| 008 | 081003s1960 pl a f 000 0 pol | ||
| 015 | _aPB 1960/5802 | ||
| 040 |
_aWA N _cKOSZ 005/RW _dKOSZ 005/RW |
||
| 041 | 1 |
_apol _hrus |
|
| 080 | _a666 | ||
| 100 | 1 | _aBulavin, Ivan Anisimovič. | |
| 245 | 1 | 0 |
_aPoradnik produkcji cegły i dachówki / _cI. A. Buławin, P. D. Gonczar ; [tł., uzup. przypisami i przystosował do warunków pol. Ignacy Płoński]. |
| 246 | 1 |
_iTyt. oryg.: _aKratkij spravočnik po proizvodstvu kirpiča i čerepicy. |
|
| 250 | _aWyd. 2 uzup. | ||
| 260 |
_aWarszawa : _b"Arkady", _c1960. |
||
| 300 |
_a561, [2] s., [11] k. tabl. : _bil. ; _c21 cm. |
||
| 380 | _aKsiążki. | ||
| 504 | _aBibliogr. s. 557-[663]. | ||
| 521 | 8 | _aDla pracowników technicznych. | |
| 650 | 4 | _aCegielnictwo | |
| 700 | 1 | _aGončar, P. D. | |
| 710 | 2 |
_aWydawnictwo "Arkady". _4pbl. |
|
| 700 | 1 |
_aPłoński, Ignacy _eTłumaczenie |
|
| 856 |
_uhttp://koha.tu.koszalin.pl/cgi-bin/koha/opac-detail.pl?biblionumber=11319 _yKatalog online BPK |
||
| 942 |
_2UKD _cKS |
||
| 999 |
_c11319 _d11319 |
||